|
|
|
|
| LEADER |
00000nam0a2200000 4500 |
| 001 |
303061 |
| 005 |
20231102001551.0 |
| 010 |
|
|
|a 9785996319428
|
| 035 |
|
|
|a (RuTPU)RU\TPU\book\328280
|
| 090 |
|
|
|a 303061
|
| 100 |
|
|
|a 20150831d2015 m y0rusy50 ca
|
| 101 |
0 |
|
|a rus
|
| 102 |
|
|
|a RU
|
| 105 |
|
|
|a a j 001zy
|
| 200 |
1 |
|
|a Геометрия. Базовый курс с решениями и указаниями
|e учебно-методическое пособие
|f Н. Д. Золотарева, Н. Л. Семендяева, М. В. Федотов
|g Московский государственный университет им. М. В. Ломоносова (МГУ), Факультет вычислительной математики и кибернетики (ВМК)
|
| 210 |
|
|
|a Москва
|c БИНОМ. Лаборатория знаний
|d 2015
|
| 215 |
|
|
|a 291 с.
|c ил.
|
| 225 |
1 |
|
|a ВМК МГУ - школе
|
| 320 |
|
|
|a Библиогр.: с. 291.
|
| 330 |
|
|
|a Настоящее пособие составлено на основе задач вступительных экзаменов по математике в МГУ имени М. В. Ломоносова и задач единого государственного экзамена преподавателями факультета ВМК МГУ имени М. В. Ломоносова. Пособие содержит теоретический материал, подборку задач, а также идеи, указания (подсказки) и решения задач.Рекомендуется школьникам при подготовке к сдаче единого государственного экзамена, абитуриентам при подготовке к поступлению как в МГУ, так и другие вузы, учителям математики, репетиторам, руководителям кружков и факультативов, преподавателям подготовительных курсов.
|
| 606 |
1 |
|
|a Геометрия
|2 stltpush
|3 (RuTPU)RU\TPU\subj\6171
|9 34123
|
| 610 |
1 |
|
|a планиметрия
|
| 610 |
1 |
|
|a треугольники
|
| 610 |
1 |
|
|a окружности
|
| 610 |
1 |
|
|a многоугольники
|
| 610 |
1 |
|
|a стереометрия
|
| 610 |
1 |
|
|a призмы
|
| 610 |
1 |
|
|a пирамиды
|
| 610 |
1 |
|
|a тела вращения
|
| 610 |
1 |
|
|a координаты
|
| 610 |
1 |
|
|a векторы
|
| 610 |
1 |
|
|a учебно-методические пособия
|
| 610 |
1 |
|
|a задачи
|
| 610 |
1 |
|
|a решения
|
| 675 |
|
|
|a 514(07)
|v 4
|
| 700 |
|
1 |
|a Золотарева
|b Н. Д.
|g Наталья Дмитриевна
|
| 701 |
|
1 |
|a Семендяева
|b Н. Л.
|g Наталья Леонидовна
|
| 701 |
|
1 |
|a Федотов
|b М. В.
|g Михаил Валентинович
|
| 712 |
0 |
2 |
|a Московский государственный университет им. М. В. Ломоносова (МГУ)
|b Факультет вычислительной математики и кибернетики (ВМК)
|2 stltpush
|3 (RuTPU)RU\TPU\col\7
|
| 801 |
|
1 |
|a RU
|b 63413507
|c 20150831
|
| 801 |
|
2 |
|a RU
|b 63413507
|c 20151102
|g RCR
|
| 900 |
|
|
|a Геометрия и алгебра
|
| 942 |
|
|
|c BK
|
| 959 |
|
|
|a 37/20150407
|d 1
|e 270,00
|f ЧЗТЛ:1
|